[Event "CHN-chTB"]
[Site "Hefei"]
[Date "2023.04.17"]
[Round "1"]
[White "Li, Yankai"]
[Black "Yang, Siyuan"]
[Result "1-0"]
[WhiteElo "2429"]
[BlackElo "1362"]
[PlyCount "71"]
[EventDate "2023.04.17"]
[EventType "team-swiss"]
[EventRounds "9"]
[EventCountry "CHN"]
[SourceTitle "EXT 2024"]
[Source "ChessBase"]
[SourceDate "2023.10.10"]
[SourceVersion "1"]
[SourceVersionDate "2023.10.10"]
[SourceQuality "1"]
[WhiteTeam "Shenzhen Qiyu"]
[BlackTeam "Hangzhou Intelligent Sports"]
[WhiteTeamCountry "CHN"]
[BlackTeamCountry "CHN"]

1. d4 Nf6 2. c4 g6 3. Nc3 Bg7 4. e4 d6 5. Be2 0-0 6. Bg5 h6 7. Be3 c5 8. d5 e6 9. Nf3 exd5 10. cxd5 a6 11. a4 Re8 12. Nd2 Nbd7 13. 0-0 Ne5 14. h3 g5 15. f4 gxf4 16. Bxf4 Qe7 17. Qe1 Ng6 18. Bg3 Nd7 19. Nc4 Nde5 20. Ne3 Qc7 21. Nf5 Bf8 22. Qd2 Kh7 23. Rf2 b6 24. Raf1 Ra7 25. h4 Ne7 26. Bxe5 Nxf5 27. Bf6 Ng3 28. Qd3 Nxe2+ 29. Nxe2 Re5 30. Bxe5 dxe5 31. d6 Qxd6 32. Rxf7+ Rxf7 33. Rxf7+ Kg6 34. Qf3 Bg4 35. h5+ Bxh5 36. Qf5# 1-0

[Event "New Star Super m"]
[Site "Beijing"]
[Date "2019.12.10"]
[Round "2.1"]
[White "Li, Yankai"]
[Black "Wang, Yanbin"]
[Result "0-1"]
[WhiteElo "2423"]
[BlackElo "2220"]
[PlyCount "88"]
[EventDate "2019.12.09"]
[EventType "k.o. (rapid)"]
[EventRounds "5"]
[EventCountry "CHN"]
[SourceTitle "EXT 2021"]
[Source "ChessBase"]
[SourceDate "2020.10.23"]
[SourceVersion "1"]
[SourceVersionDate "2020.10.23"]
[SourceQuality "1"]

1. d4 d5 2. c4 e6 3. Nf3 Nf6 4. g3 Be7 5. Bg2 0-0 6. 0-0 b6 7. Nc3 Bb7 8. Ne5 Nbd7 9. Qa4 c6 10. Nxc6 Bxc6 11. Qxc6 Rc8 12. Qa4 Rxc4 13. Qxa7 Qc8 14. Bf4 Rxd4 15. Rac1 Rc4 16. Nb5 Qc5 17. Na3 Rxc1 18. Rxc1 Qd4 19. Rb1 Bc5 20. Be3 Qb4 21. Bxc5 bxc5 22. Qa6 Rb8 23. Nc2 Qd2 24. Qd3 Qa5 25. Qa3 Qb5 26. Bf1 Ne4 27. Qe3 Qa5 28. a3 Qd2 29. Qxd2 Nxd2 30. Ra1 Rxb2 31. Ne3 Nb3 32. Rd1 Nb6 33. f4 g6 34. g4 c4 35. f5 gxf5 36. gxf5 c3 37. fxe6 fxe6 38. Bh3 Kf7 39. Rf1+ Ke7 40. Nd1 Rc2 41. Rf3 d4 42. Kf2 Rc1 43. Rd3 e5 44. Bf5 Nc5 0-1

[Event "New Star Super m"]
[Site "Beijing"]
[Date "2019.12.10"]
[Round "2.3"]
[White "Li, Yankai"]
[Black "Wang, Yanbin"]
[Result "1-0"]
[WhiteElo "2423"]
[BlackElo "2220"]
[PlyCount "107"]
[EventDate "2019.12.09"]
[EventType "k.o. (rapid)"]
[EventRounds "5"]
[EventCountry "CHN"]
[SourceTitle "EXT 2021"]
[Source "ChessBase"]
[SourceDate "2020.10.23"]
[SourceVersion "1"]
[SourceVersionDate "2020.10.23"]
[SourceQuality "1"]

1. e4 c5 2. Nf3 e6 3. d4 cxd4 4. Nxd4 a6 5. c4 Nf6 6. Nc3 d6 7. Be3 Be7 8. Be2 Qc7 9. 0-0 0-0 10. Qd2 b6 11. f3 Bb7 12. Rfc1 Nbd7 13. a4 Rac8 14. a5 bxa5 15. Nb3 Ba8 16. Nxa5 Qb8 17. Bf1 Ne5 18. Qf2 Rc7 19. Na4 d5 20. exd5 exd5 21. c5 Bc6 22. Bxa6 Ra7 23. Nxc6 Nxc6 24. Nb6 Qe5 25. Nc8 Rc7 26. Nxe7+ Rxe7 27. Bb5 d4 28. Bd2 Na7 29. Bd3 Nd5 30. b4 Ne3 31. b5 Rb8 32. b6 Nc6 33. Be4 Re6 34. Qg3 Qxg3 35. hxg3 f5 36. Bxe3 fxe4 37. Bf4 Rb7 38. fxe4 Rxe4 39. Ra8+ Kf7 40. Rc8 Re6 41. Bd6 Ne7 42. Rc7 Rxc7 43. Bxc7 Nc6 44. b7 Re8 45. Rb1 d3 46. Rd1 Re3 47. b8Q Nxb8 48. Bxb8 Ke7 49. Bf4 Re2 50. Rxd3 Rc2 51. Bd6+ Ke6 52. Re3+ Kf6 53. Be5+ Kf5 54. Rc3 1-0

[Event "New Star Super m"]
[Site "Beijing"]
[Date "2019.12.10"]
[Round "2.4"]
[White "Wang, Yanbin"]
[Black "Li, Yankai"]
[Result "1/2-1/2"]
[WhiteElo "2220"]
[BlackElo "2423"]
[PlyCount "184"]
[EventDate "2019.12.09"]
[EventType "k.o. (rapid)"]
[EventRounds "5"]
[EventCountry "CHN"]
[SourceTitle "EXT 2021"]
[Source "ChessBase"]
[SourceDate "2020.10.23"]
[SourceVersion "1"]
[SourceVersionDate "2020.10.23"]
[SourceQuality "1"]

1. d4 Nf6 2. c4 e6 3. Nf3 d5 4. e3 b6 5. cxd5 exd5 6. Nc3 Bd6 7. Bd3 0-0 8. 0-0 Bb7 9. Qc2 c5 10. Rd1 Nc6 11. dxc5 Nb4 12. Qb1 bxc5 13. Be2 Re8 14. a3 Nc6 15. b4 cxb4 16. Nb5 Bf8 17. axb4 a6 18. Nbd4 Nxb4 19. Ba3 a5 20. Bb5 Re7 21. Bxb4 axb4 22. Rxa8 Bxa8 23. Qxb4 Rxe3 24. Qb2 Ra3 25. Ra1 Rxa1+ 26. Qxa1 Bb7 27. g3 Qb6 28. Qa4 Ne4 29. Be2 Nc3 30. Qe8 Nxe2+ 31. Qxe2 Ba6 32. Qd1 Bc5 33. Kg2 g6 34. h3 Bc4 35. Qa1 Qf6 36. g4 h6 37. Qc3 Qf4 38. Qe3 Qe4 39. Qxe4 dxe4 40. Ne5 Bd5 41. Ne2 e3+ 42. Kf1 exf2 43. Nd7 Be7 44. Kxf2 Be6 45. Ne5 Bd6 46. Nd3 Bc4 47. Ke3 Kg7 48. Kd4 Ba6 49. Nc3 Bg3 50. Ne4 Bh4 51. Ke3 Bc8 52. Nd6 Bd7 53. Ne5 Be6 54. Nf3 Be7 55. Ne4 f5 56. Nd4 Bd7 57. gxf5 gxf5 58. Ng3 Kg6 59. Ngxf5 Bf8 60. Kf4 Ba3 61. h4 Bc1+ 62. Kg3 Kf6 63. Ne2 Bd2 64. Nfd4 Be1+ 65. Kf4 Bxh4 66. Nf3 Bf2 67. Ne5 Be3+ 68. Kxe3 Kxe5 69. Ng3 Bg4 70. Kf2 Kf4 71. Kg2 Bc8 72. Nh5+ Kg5 73. Ng3 Kg4 74. Kh2 Bb7 75. Ne2 h5 76. Nd4 h4 77. Ne6 Be4 78. Nc5 Bf5 79. Nb3 Kf4 80. Nd4 Bg4 81. Nc6 Bd7 82. Ne7 Kg5 83. Nd5 Bc6 84. Nc3 Bd7 85. Ne4+ Kf4 86. Nc5 Bf5 87. Nb3 Ke3 88. Na5 Ke4 89. Nc6 Bd7 90. Ne7 h3 91. Nc6 Bxc6 92. Kxh3 Ke5 1/2-1/2

[Event "Tianjin Prestigious Univ-ch"]
[Site "Tianjin"]
[Date "2019.11.27"]
[Round "6"]
[White "Li, Yankai"]
[Black "Lei, Sean"]
[Result "1-0"]
[WhiteElo "2432"]
[BlackElo "1895"]
[PlyCount "69"]
[EventDate "2019.11.26"]
[EventType "team-tourn"]
[EventRounds "11"]
[EventCountry "CHN"]
[SourceTitle "CBM 193 Extra"]
[Source "ChessBase"]
[SourceDate "2020.01.31"]
[SourceVersion "1"]
[SourceVersionDate "2020.01.31"]
[SourceQuality "1"]

1. e4 d6 2. d4 Nf6 3. Nc3 Nbd7 4. Nf3 e5 5. Bc4 Be7 6. a4 c6 7. 0-0 0-0 8. Re1 b6 9. Ba2 a6 10. Bg5 Rb8 11. dxe5 dxe5 12. Bxf6 Bxf6 13. Qd6 Bb7 14. Red1 Nc5 15. b4 Qc8 16. Nxe5 Ne6 17. Bxe6 fxe6 18. Ra3 Rd8 19. Nd7 Kf7 20. Qxb8 Rxd7 21. Qxc8 Bxc8 22. Rxd7+ Bxd7 23. Nd1 Be5 24. Ne3 Ke7 25. Nc4 Bc7 26. a5 b5 27. Nb6 Be8 28. Rd3 Kf6 29. Nd7+ Bxd7 30. Rxd7 Be5 31. Ra7 Bc3 32. Rxa6 Bxb4 33. Rxc6 Bxa5 34. Rc5 Bd2 35. Rxb5 1-0

[Event "Belt and Road Hunan op-A"]
[Site "Changsha"]
[Date "2019.07.30"]
[Round "2"]
[White "Deac, Bogdan Daniel"]
[Black "Li, Yankai"]
[Result "1-0"]
[WhiteElo "2621"]
[BlackElo "2439"]
[PlyCount "89"]
[EventDate "2019.07.29"]
[EventType "swiss"]
[EventRounds "9"]
[EventCountry "CHN"]
[SourceTitle "CBM 191 Extra"]
[Source "ChessBase"]
[SourceDate "2019.09.30"]
[SourceVersion "1"]
[SourceVersionDate "2019.09.30"]
[SourceQuality "1"]

1. d4 Nf6 2. c4 e6 3. Nf3 d5 4. g3 Be7 5. Bg2 0-0 6. 0-0 dxc4 7. Qc2 a6 8. a4 c5 9. dxc5 Bxc5 10. Qxc4 b6 11. Ne5 Ra7 12. Nd3 Bd6 13. Bg5 h6 14. Bxf6 Qxf6 15. Nd2 Qe7 16. Rfc1 Nd7 17. a5 Rc7 18. Qa2 b5 19. Ne4 Ne5 20. Nxd6 Rxc1+ 21. Rxc1 Qxd6 22. Nxe5 Qxe5 23. b4 Qd4 24. Qb1 Rd8 25. e3 Qd2 26. Bf3 Qd6 27. Rc6 Qd2 28. Rc2 Qd7 29. Bc6 Qe7 30. Rc5 Bb7 31. Qe4 Bxc6 32. Qxc6 Qf6 33. Qxa6 Rd1+ 34. Kg2 Qa1 35. Qxb5 Rh1 36. Qd3 f5 37. Qd7 Kh7 38. Rc7 Rg1+ 39. Kf3 Qf6 40. h3 Qg6 41. Qf7 Qg5 42. Rc8 e5 43. a6 Rh1 44. a7 Rxh3 45. Kg2 1-0

[Event "CHN-chT"]
[Site "China"]
[Date "2019.07.24"]
[Round "8.1"]
[White "Wen, Yang"]
[Black "Li, Yankai"]
[Result "1/2-1/2"]
[WhiteElo "2604"]
[BlackElo "2432"]
[PlyCount "229"]
[EventDate "2019.04.09"]
[EventType "team-tourn"]
[EventRounds "22"]
[EventCountry "CHN"]
[SourceTitle "EXT 2020"]
[Source "ChessBase"]
[SourceDate "2019.10.17"]
[SourceVersion "1"]
[SourceVersionDate "2019.10.17"]
[SourceQuality "1"]
[WhiteTeam "Shandong Jingzhi"]
[BlackTeam "Tianjin"]
[WhiteTeamCountry "CHN"]
[BlackTeamCountry "CHN"]

1. Nf3 Nf6 2. g3 d5 3. Bg2 e6 4. 0-0 Be7 5. c4 0-0 6. b3 d4 7. e3 c5 8. exd4 cxd4 9. Bb2 Nc6 10. Re1 Ne8 11. Ne5 Nxe5 12. Rxe5 f6 13. Re1 e5 14. d3 Rb8 15. Nd2 Nc7 16. f4 exf4 17. gxf4 Bf5 18. Ne4 Bb4 19. Rf1 Bxe4 20. dxe4 Bc5 21. Kh1 Qd6 22. b4 Bxb4 23. Bxd4 Bc5 24. Bc3 Qe6 25. e5 Rfd8 26. f5 Qxc4 27. Qe1 Nd5 28. Ba5 b6 29. Rc1 Qxa2 30. Rxc5 bxc5 31. Bxd8 Rxd8 32. Rf2 Qb3 33. Rd2 fxe5 34. h3 Qc4 35. Qd1 Kf8 36. Bxd5 Qf4 37. f6 e4 38. fxg7+ Kxg7 39. Rg2+ Kh6 40. Rg4 Qf3+ 41. Qxf3 exf3 42. Bxf3 Rd4 43. Rg1 c4 44. Kg2 Kg5 45. Kg3 c3 46. Rc1 Rc4 47. Be2 Rc5 48. Rc2 a5 49. Bd3 h6 50. h4+ Kf6 51. Kf4 a4 52. Ke4 a3 53. Rf2+ Kg7 54. Ra2 Rh5 55. Rxa3 Rxh4+ 56. Ke5 Rb4 57. Ra7+ Kf8 58. Rc7 Ke8 59. Bf5 Kd8 60. Rxc3 Rb6 61. Be6 Ke7 62. Rc7+ Kd8 63. Rh7 h5 64. Bd5 h4 65. Rxh4 Ra6 66. Rh7 Rb6 67. Ra7 Kc8 68. Kd4 Kd8 69. Kc5 Rh6 70. Bc6 Rh5+ 71. Kb6 Rh2 72. Rd7+ Kc8 73. Re7 Rd2 74. Re8+ Rd8 75. Re2 Rd1 76. Ba4 Rd6+ 77. Kc5 Rh6 78. Bc6 Rh3 79. Kb6 Rd3 80. Re5 Rd6 81. Kc5 Rd1 82. Re7 Kd8 83. Rg7 Rf1 84. Bd5 Rf6 85. Kd4 Rd6 86. Ra7 Rd7 87. Ra8+ Ke7 88. Ke5 Rc7 89. Rh8 Kd7 90. Rh6 Ke7 91. Bc6 Kd8 92. Rh8+ Ke7 93. Bd5 Kd7 94. Rh6 Ke7 95. Bc6 Kd8 96. Kd6 Rd7+ 97. Kc5 Rg7 98. Re6 Re7 99. Rg6 Kc7 100. Bd5 Kd7 101. Ra6 Kc7 102. Be6 Kb7 103. Rb6+ Kc7 104. Bd5 Kd7 105. Ra6 Kc7 106. Rh6 Kd7 107. Kb6 Rg7 108. Kc5 Re7 109. Kd4 Kc7 110. Bc6 Rg7 111. Kc5 Re7 112. Rh8 Re5+ 113. Bd5 Re7 114. Ra8 Kd7 115. Ra6 1/2-1/2

[Event "CHN-chT"]
[Site "Daqing"]
[Date "2019.06.22"]
[Round "4.2"]
[White "Li, Yankai"]
[Black "Wen, Yang"]
[Result "1-0"]
[WhiteElo "2432"]
[BlackElo "2588"]
[PlyCount "85"]
[EventDate "2019.06.19"]
[EventType "team-swiss"]
[EventRounds "9"]
[EventCountry "CHN"]
[SourceTitle "CBM 191 Extra"]
[Source "ChessBase"]
[SourceDate "2019.09.30"]
[SourceVersion "1"]
[SourceVersionDate "2019.09.30"]
[SourceQuality "1"]
[WhiteTeam "Tianjin"]
[BlackTeam "Shandong"]
[WhiteTeamCountry "CHN"]
[BlackTeamCountry "CHN"]

1. d4 Nf6 2. c4 e6 3. g3 d5 4. Bg2 dxc4 5. Nf3 Nc6 6. Qa4 Bb4+ 7. Bd2 Nd5 8. Bxb4 Ndxb4 9. 0-0 Rb8 10. Na3 0-0 11. Qb5 b6 12. Qxc4 Ba6 13. Nb5 Qe8 14. Rfc1 Nd5 15. Qxc6 Qxc6 16. Rxc6 Bxb5 17. Rc2 Rfc8 18. Rac1 c5 19. dxc5 Nb4 20. Rd2 Nxa2 21. Ra1 Nb4 22. cxb6 axb6 23. h4 Kf8 24. g4 Nc6 25. e3 Na5 26. Nd4 Bd7 27. b4 Nc4 28. Rdd1 Rc7 29. Rdc1 Rbc8 30. g5 e5 31. Ne2 Be6 32. Rc3 Nb2 33. Rxc7 Rxc7 34. Ra8+ Ke7 35. Rb8 Na4 36. Ng3 Rc4 37. b5 Rxh4 38. Bc6 Rg4 39. Kh2 Rh4+ 40. Kg2 Rg4 41. Kf3 Rb4 42. Ne4 f5 43. Re8+ 1-0

[Event "CHN-chT"]
[Site "Daqing"]
[Date "2019.06.19"]
[Round "1.9"]
[White "Chen, Junyu"]
[Black "Li, Yankai"]
[Result "0-1"]
[WhiteElo "1232"]
[BlackElo "2432"]
[PlyCount "50"]
[EventDate "2019.06.19"]
[EventType "team-swiss"]
[EventRounds "9"]
[EventCountry "CHN"]
[SourceTitle "CBM 191 Extra"]
[Source "ChessBase"]
[SourceDate "2019.09.30"]
[SourceVersion "1"]
[SourceVersionDate "2019.09.30"]
[SourceQuality "1"]
[WhiteTeam "Harbin"]
[BlackTeam "Tianjin"]
[WhiteTeamCountry "CHN"]
[BlackTeamCountry "CHN"]

1. e4 e5 2. Nf3 Nc6 3. Bb5 a6 4. Ba4 Nf6 5. 0-0 Be7 6. d4 exd4 7. Re1 b5 8. Bb3 d6 9. a3 Bg4 10. h3 Bxf3 11. gxf3 0-0 12. Nd2 d5 13. Kh1 Qd7 14. Kg2 Ne5 15. Nf1 Ng6 16. Nh2 Nh4+ 17. Kf1 Qxh3+ 18. Ke2 dxe4 19. f4 Qxh2 20. Rh1 d3+ 21. cxd3 exd3+ 22. Ke3 Bc5+ 23. Kxd3 Qxf2 24. Qc2 Rad8+ 25. Kc3 Qd4# 0-1

[Event "Ho Chi Minh City HD Bank op 9th"]
[Site "Ho Chi Minh City"]
[Date "2019.03.10"]
[Round "6"]
[White "Li, Yankai"]
[Black "Wang, Shixu B"]
[Result "1/2-1/2"]
[WhiteElo "2434"]
[BlackElo "2362"]
[PlyCount "59"]
[EventDate "2019.03.07"]
[EventType "swiss"]
[EventRounds "9"]
[EventCountry "VIE"]
[SourceTitle "CBM 189 Extra"]
[Source "ChessBase"]
[SourceDate "2019.06.03"]
[SourceVersion "1"]
[SourceVersionDate "2019.06.03"]
[SourceQuality "1"]

1. d4 Nf6 2. c4 e6 3. g3 d5 4. Bg2 dxc4 5. Nf3 Bb4+ 6. Bd2 a5 7. Qc2 b5 8. a4 Bxd2+ 9. Nbxd2 c6 10. b3 cxb3 11. Nxb3 0-0 12. 0-0 Ba6 13. Rfd1 Nbd7 14. Ne5 Nxe5 15. dxe5 Nd5 16. Qxc6 bxa4 17. Nc5 Bxe2 18. Nxe6 Qc8 19. Bxd5 Qxc6 20. Bxc6 fxe6 21. Rd2 Ra6 22. Bxa4 Bc4 23. Rd6 Ra7 24. Rc1 Bd5 25. f4 g6 26. Rb6 Rff7 27. Rc5 Rfc7 28. Rbb5 Rxc5 29. Rxc5 Rb7 30. Rxa5 1/2-1/2

[Event "Ho Chi Minh City HD Bank op 9th"]
[Site "Ho Chi Minh City"]
[Date "2019.03.09"]
[Round "4"]
[White "Li, Yankai"]
[Black "Van Wely, Loek"]
[Result "0-1"]
[WhiteElo "2434"]
[BlackElo "2612"]
[PlyCount "112"]
[EventDate "2019.03.07"]
[EventType "swiss"]
[EventRounds "9"]
[EventCountry "VIE"]
[SourceTitle "CBM 189 Extra"]
[Source "ChessBase"]
[SourceDate "2019.06.03"]
[SourceVersion "1"]
[SourceVersionDate "2019.06.03"]
[SourceQuality "1"]

1. d4 Nf6 2. c4 e6 3. g3 c5 4. Nf3 cxd4 5. Nxd4 d5 6. Bg2 e5 7. Nb3 d4 8. 0-0 Nc6 9. f4 e4 10. f5 g6 11. Na3 Bxf5 12. Nb5 Bg7 13. N3xd4 Nxd4 14. Qxd4 Qxd4+ 15. Nxd4 Bd7 16. Bf4 Ng4 17. Rad1 f5 18. h3 Ne5 19. Bxe5 Bxe5 20. g4 fxg4 21. hxg4 Bxg4 22. Bxe4 0-0-0 23. Bd5 Rhf8 24. Rxf8 Rxf8 25. Nf3 Bf4 26. Rd3 h5 27. c5 Re8 28. e4 g5 29. Nd4 h4 30. Nb5 Kb8 31. Rb3 Bd1 32. Ra3 g4 33. Nd6 Rf8 34. Rd3 Bf3 35. e5 Bxe5 36. Bxf3 Rxf3 37. Rxf3 gxf3 38. Ne4 Bd4+ 39. Kh2 Bxb2 40. Kh3 Bd4 41. Kxh4 f2 42. Nd2 Kc7 43. Kg4 Kc6 44. Kf3 Kxc5 45. Ke4 Bc3 46. Nf1 Kb4 47. Kd3 Bf6 48. Kc2 Ka3 49. Kb1 Bg5 50. Ka1 Bf4 51. Kb1 a5 52. Ka1 a4 53. Kb1 b5 54. Ka1 b4 55. Kb1 b3 56. axb3 Kxb3 0-1

[Event "Ho Chi Minh City HD Bank op 9th"]
[Site "Ho Chi Minh City"]
[Date "2019.03.07"]
[Round "1"]
[White "Frayna, Janelle Mae"]
[Black "Li, Yankai"]
[Result "0-1"]
[WhiteElo "2201"]
[BlackElo "2434"]
[PlyCount "78"]
[EventDate "2019.03.07"]
[EventType "swiss"]
[EventRounds "9"]
[EventCountry "VIE"]
[SourceTitle "CBM 189 Extra"]
[Source "ChessBase"]
[SourceDate "2019.06.03"]
[SourceVersion "1"]
[SourceVersionDate "2019.06.03"]
[SourceQuality "1"]

1. d4 Nf6 2. c4 e6 3. g3 d5 4. Nf3 Bb4+ 5. Bd2 Be7 6. Bg2 0-0 7. 0-0 c6 8. Qc2 Nbd7 9. Bf4 b6 10. Rd1 Ba6 11. Ne5 Rc8 12. cxd5 cxd5 13. Nc6 Nh5 14. Be3 Nb8 15. Nxe7+ Qxe7 16. Nc3 Nc6 17. Qd2 f5 18. Bg5 Qf7 19. Rac1 h6 20. Bf4 g5 21. Bd6 Rfd8 22. Ba3 Nf6 23. e3 Kh7 24. b3 h5 25. Rc2 h4 26. Rdc1 Ne7 27. Qe1 Ng6 28. Bf1 Bxf1 29. Qxf1 hxg3 30. fxg3 Kg7 31. Nb5 Rxc2 32. Rxc2 Ne4 33. Qd1 Rd7 34. Rc6 f4 35. Nc7 fxg3 36. Nxe6+ Kh7 37. Qe1 Qf2+ 38. Qxf2 gxf2+ 39. Kf1 Rf7 0-1

[Event "Tianjin Binhai Cup 1st"]
[Site "Tianjin"]
[Date "2018.12.31"]
[Round "7"]
[White "Idani, Pouya"]
[Black "Li, Yankai"]
[Result "1/2-1/2"]
[WhiteElo "2611"]
[BlackElo "2427"]
[PlyCount "60"]
[EventDate "2018.12.25"]
[EventType "swiss"]
[EventRounds "9"]
[EventCountry "CHN"]
[SourceTitle "CBM 188 Extra"]
[Source "ChessBase"]
[SourceDate "2019.02.26"]
[SourceVersion "1"]
[SourceVersionDate "2019.02.26"]
[SourceQuality "1"]

1. e4 c5 2. Nf3 d6 3. Bb5+ Nd7 4. d4 cxd4 5. Qxd4 a6 6. Bxd7+ Bxd7 7. Nc3 e5 8. Qd3 h6 9. Nd2 Rc8 10. Nc4 Qc7 11. Ne3 b5 12. Ncd5 Qb7 13. 0-0 Ne7 14. b3 Nxd5 15. Nxd5 Be6 16. Bd2 Bxd5 17. exd5 Be7 18. a4 0-0 19. axb5 axb5 20. Ra2 Rc5 21. Be3 Rxd5 22. Qe2 Ra8 23. Rxa8+ Qxa8 24. Qg4 Bg5 25. c4 bxc4 26. bxc4 Ra5 27. Bxg5 hxg5 28. Qxg5 Ra1 29. Qd2 Rxf1+ 30. Kxf1 Qe4 1/2-1/2

[Event "Tianjin Binhai Cup 1st"]
[Site "Tianjin"]
[Date "2018.12.30"]
[Round "6"]
[White "Li, Yankai"]
[Black "Sivuk, Vitaly"]
[Result "1/2-1/2"]
[WhiteElo "2427"]
[BlackElo "2542"]
[PlyCount "137"]
[EventDate "2018.12.25"]
[EventType "swiss"]
[EventRounds "9"]
[EventCountry "CHN"]
[SourceTitle "CBM 188 Extra"]
[Source "ChessBase"]
[SourceDate "2019.02.26"]
[SourceVersion "1"]
[SourceVersionDate "2019.02.26"]
[SourceQuality "1"]

1. e4 c5 2. Nf3 d6 3. d4 cxd4 4. Nxd4 Nf6 5. Nc3 a6 6. Bg5 Nbd7 7. Bc4 Qb6 8. 0-0 Qxb2 9. Nd5 Nxd5 10. Rb1 Qc3 11. Bxd5 e6 12. Bxb7 Bxb7 13. Rxb7 Nc5 14. Rb6 Nxe4 15. Be3 Qc8 16. c4 Nc5 17. Nf5 exf5 18. Bxc5 Qxc5 19. Rb7 Be7 20. Qa4+ Kf8 21. Re1 d5 22. Rexe7 Qxe7 23. Rxe7 Kxe7 24. Qb4+ Ke6 25. Qb6+ Ke5 26. Qe3+ Kf6 27. Qb6+ Kg5 28. Qe3+ f4 29. h4+ Kf5 30. Qd3+ Kf6 31. Qd4+ Kg6 32. Qxf4 f6 33. Qg4+ Kh6 34. Qf4+ Kg6 35. Qg4+ Kh6 36. cxd5 Rhe8 37. Qf5 Re5 38. Qd7 Rb8 39. Kh2 Rb2 40. f4 Ree2 41. Qg4 Rxg2+ 42. Qxg2 Rxg2+ 43. Kxg2 Kg6 44. Kf3 Kf7 45. Ke4 Ke7 46. h5 g6 47. h6 Kd6 48. Kd4 a5 49. a4 g5 50. fxg5 fxg5 51. Ke4 g4 52. Kf4 Kxd5 53. Kxg4 Ke4 54. Kg5 Ke5 55. Kg4 Kf6 56. Kf4 Kg6 57. Ke5 Kxh6 58. Kf6 Kh5 59. Kf5 Kh4 60. Kf4 h5 61. Kf3 Kg5 62. Kg3 Kf5 63. Kh4 Ke4 64. Kxh5 Kd4 65. Kg4 Kc4 66. Kf3 Kb4 67. Ke2 Kxa4 68. Kd2 Kb3 69. Kc1 1/2-1/2

[Event "Tianjin Binhai Cup 1st"]
[Site "Tianjin"]
[Date "2018.12.29"]
[Round "5"]
[White "Peng, Hongchi"]
[Black "Li, Yankai"]
[Result "1/2-1/2"]
[WhiteElo "2273"]
[BlackElo "2427"]
[PlyCount "60"]
[EventDate "2018.12.25"]
[EventType "swiss"]
[EventRounds "9"]
[EventCountry "CHN"]
[SourceTitle "CBM 188 Extra"]
[Source "ChessBase"]
[SourceDate "2019.02.26"]
[SourceVersion "1"]
[SourceVersionDate "2019.02.26"]
[SourceQuality "1"]

1. e4 c5 2. Nf3 d6 3. d4 cxd4 4. Nxd4 Nf6 5. Nc3 a6 6. Be3 e5 7. Nb3 Be6 8. Qd2 Be7 9. 0-0-0 Ng4 10. Kb1 Nd7 11. g3 b5 12. f4 b4 13. Na4 Nxe3 14. Qxe3 Qc7 15. f5 Bc4 16. Bxc4 Qxc4 17. Nd2 Qb5 18. b3 Rc8 19. Qd3 0-0 20. Nc4 Rc6 21. Ne3 Rfc8 22. Nd5 Kf8 23. Nb2 Nf6 24. Nxf6 Bxf6 25. Qxb5 axb5 26. Rd2 d5 27. exd5 Rd6 28. Re1 Ra8 29. Re4 Bg5 30. Rd1 Rad8 1/2-1/2

[Event "CHN-chT"]
[Site "China"]
[Date "2018.07.10"]
[Round "8.6"]
[White "Zhang, Ziji"]
[Black "Li, Yankai"]
[Result "1/2-1/2"]
[WhiteElo "2406"]
[BlackElo "2430"]
[PlyCount "66"]
[EventDate "2018.04.11"]
[EventType "team-tourn"]
[EventRounds "22"]
[EventCountry "CHN"]
[SourceTitle "EXT 2019"]
[Source "ChessBase"]
[SourceDate "2018.10.10"]
[SourceVersion "1"]
[SourceVersionDate "2018.10.10"]
[SourceQuality "1"]
[WhiteTeam "Hebei Sports Lottery"]
[BlackTeam "Tianjin"]
[WhiteTeamCountry "CHN"]
[BlackTeamCountry "CHN"]

1. d4 Nf6 2. c4 e6 3. Nc3 Bb4 4. Nf3 b6 5. Qb3 c5 6. a3 Bxc3+ 7. Qxc3 Bb7 8. e3 0-0 9. Be2 d6 10. 0-0 Nbd7 11. b4 Rc8 12. Bb2 Qe7 13. Rfd1 Ne4 14. Qb3 f5 15. a4 cxb4 16. Qxb4 a5 17. Qa3 Rf6 18. Nd2 Rh6 19. Nxe4 Bxe4 20. f3 Bb7 21. Rd2 Qg5 22. Rf1 Ba6 23. Rc1 Bb7 24. Rdc2 Rg6 25. g3 f4 26. exf4 Qxf4 27. Kf2 Qf5 28. Qxd6 e5 29. Qa3 Be4 30. Rd2 Qh3 31. Kg1 Rxg3+ 32. hxg3 Qxg3+ 33. Kf1 Qh2 1/2-1/2

[Event "CHN-ch blitz"]
[Site "Tianjin"]
[Date "2018.06.07"]
[Round "4"]
[White "Chen, Qi B"]
[Black "Li, Yankai"]
[Result "1-0"]
[WhiteElo "2432"]
[BlackElo "2435"]
[PlyCount "131"]
[EventDate "2018.06.07"]
[EventType "swiss (blitz)"]
[EventRounds "9"]
[EventCountry "CHN"]
[SourceTitle "CBM 184 Extra"]
[Source "ChessBase"]
[SourceDate "2018.06.28"]
[SourceVersion "1"]
[SourceVersionDate "2018.06.28"]
[SourceQuality "1"]

1. e4 e5 2. Nf3 Nc6 3. Bb5 a6 4. Ba4 Nf6 5. 0-0 Be7 6. Re1 b5 7. Bb3 0-0 8. d4 d6 9. c3 Bg4 10. Be3 h6 11. Nbd2 Re8 12. h3 Bd7 13. Bc2 Bf8 14. d5 Ne7 15. b3 c6 16. c4 Ng6 17. Bd3 c5 18. a3 Nh5 19. b4 Nhf4 20. Bf1 Rb8 21. Rb1 Qc7 22. Qc2 Rec8 23. Rec1 f6 24. Qa2 Kh7 25. Nb3 bxc4 26. Bxc4 cxb4 27. Bxa6 Qd8 28. Bxc8 Bxc8 29. axb4 Rxb4 30. Na5 Rxb1 31. Rxb1 Bd7 32. Nc6 Qc8 33. Bxf4 Nxf4 34. Rb8 Qc7 35. Rxf8 Qb6 36. Rb8 Qc5 37. Rb1 Be8 38. Qd2 Bh5 39. Rc1 Qa3 40. Qc3 Qxc1+ 41. Qxc1 Ne2+ 42. Kf1 Nxc1 43. Nd2 Be8 44. Nc4 Kg8 45. Nxd6 Bd7 46. Nb8 Ba4 47. Nf5 Kf7 48. Ke1 Nd3+ 49. Kd2 Nc5 50. f3 Nd7 51. Nxd7 Bxd7 52. Nd6+ Ke7 53. Nb7 Bb5 54. Ke3 g5 55. Nc5 Kd6 56. Ne6 Ke7 57. Ng7 Kf7 58. Nf5 Kg6 59. Kd2 h5 60. Kc3 Ba6 61. Kb4 Kf7 62. Ka5 Bf1 63. Ne3 Be2 64. Kb6 g4 65. hxg4 hxg4 66. Nxg4 1-0

[Event "CHN-ch rapid"]
[Site "Tianjin"]
[Date "2018.06.07"]
[Round "6"]
[White "Li, Yankai"]
[Black "Chu, Wei Chao"]
[Result "1-0"]
[WhiteElo "2435"]
[BlackElo "2399"]
[PlyCount "59"]
[EventDate "2018.06.06"]
[EventType "swiss (rapid)"]
[EventRounds "9"]
[EventCountry "CHN"]
[SourceTitle "CBM 184 Extra"]
[Source "ChessBase"]
[SourceDate "2018.06.28"]
[SourceVersion "1"]
[SourceVersionDate "2018.06.28"]
[SourceQuality "1"]

1. d4 Nf6 2. c4 g6 3. Nc3 Bg7 4. e4 d6 5. Be2 0-0 6. Bg5 Na6 7. Qd2 e5 8. d5 Qe8 9. Bd1 Nc5 10. Bc2 a5 11. Nge2 Bd7 12. f3 b5 13. cxb5 Bxb5 14. Nxb5 Qxb5 15. Rb1 Rfb8 16. 0-0 Nfd7 17. Rfc1 Qa6 18. b3 Qc8 19. a3 Nb6 20. b4 axb4 21. axb4 Nca4 22. Bd3 Qd7 23. Rc6 Nc8 24. Rbc1 Ra7 25. Be3 Nab6 26. Nc3 Rba8 27. Nb5 Ra2 28. R6c2 R2a4 29. Nxc7 Rb8 30. Bb5 1-0